| 000 | 00397nam a2200157Ia 4500 | ||
|---|---|---|---|
| 008 | 160316s1938 xxu||||| |||| 00| 0 eng d | ||
| 082 |
_a940.000000 _bNAT |
||
| 100 | _aNatarajan S | ||
| 245 | _aWest of Suez | ||
| 250 | _a | ||
| 260 |
_aBombay _bThe Indian Social Reformer Ltd. _c1938 |
||
| 300 |
_a306p _b _c |
||
| 365 | _bRs. | ||
| 650 | _a1.Europe - Land - People - Reminiscences | ||
| 700 |
_a _a |
||
| 999 |
_c6768 _d6768 |
||